000 00834cab a2200253 4500
001 WB2849-38
008 090401t1992 xxu||||| |||| 00| 0 eng d
035 _a(Sirsi) u45896
041 _aeng
245 _aCoal review progress report
260 _c1992
350 _a0
490 _aDTI Press Notice
_v(P/92/797) 8 December 1992 (8)
520 _aA progress report, listing the main areas and options for consideration identified by evidence submitted to the Coal Review, has been sent by the President of the Board of Trade to the chairman of the Trade and Industry Select Committee.
650 _aBRITISH COAL
650 _aCOAL INDUSTRY
650 _aCOAL REVIEW
650 _aCOAL SUPPLY
650 _aPIT CLOSURES
650 _aPROSPECTS
690 _aMINING AND MINERALS
942 _n0
948 _c04/03/1997
999 _c29035
_d29035